000 00625nam a2200229Ia 4500
003 OSt
005 20220924113957.0
006 a|||||r|||| 00| 0
007 ta
008 220923b |||||||| |||| 00| 0 urd d
024 _a310861
037 _cTextual
040 _aARTS
_cARTS
_burd
041 _2urd
_aurd
082 _aO168:g, N2
100 _aNarang Gopi Chand
245 0 _aQari asas tanqid mazhariyat aur qari ki wapsi
260 _aAligarh
_bEdjucational India
_c1992
650 _aURDU LITERATURE
942 _hO168:g, N2
_cTEXL
_2CC
999 _c391212
_d391212